Statistiques concernant Drapeaux du monde - cinq minutes de sprint

Cliquez ici pour prendre le quiz!

Statistiques générales

  • Ce quiz a été pris 684 fois
  • Le résultat moyen est 82 sur 196

Statistiques - réponses

Réponse% Correct
Etats-Unis
98%
France
97%
Royaume-Uni
97%
Canada
96%
Italie
96%
Japon
95%
Australie
94%
Irlande
94%
Russie
94%
Brésil
93%
Corée du Sud
93%
Pays-Bas
92%
Suède
92%
Chine
91%
Grèce
91%
Norvège
91%
Suisse
91%
Belgique
90%
Nouvelle-Zélande
90%
Finlande
89%
Chypre
87%
Danemark
87%
Albanie
86%
Algérie
86%
Bulgarie
86%
Israël
86%
Turquie
86%
Allemagne
84%
Côte d'Ivoire
84%
Espagne
84%
Islande
84%
Tunisie
84%
Géorgie
83%
Liban
83%
Népal
82%
Viêt Nam
82%
Hongrie
81%
Jamaïque
81%
Mexique
81%
Afrique du Sud
80%
Vatican
80%
Malte
79%
Arabie Saoudite
78%
Bangladesh
78%
Inde
78%
Kosovo
77%
Pakistan
75%
Pologne
74%
Bhoutan
72%
Saint-Marin
72%
Autriche
71%
Cameroun
71%
Égypte
70%
Kenya
70%
Monaco
69%
Argentine
68%
Madagascar
68%
Malaisie
68%
République démocratique du Congo
68%
Singapour
67%
République dominicaine
66%
Pérou
64%
Azerbaïdjan
63%
Indonésie
63%
Palaos
63%
Papouasie-Nouvelle- Guinée
63%
Uruguay
63%
Irak
61%
Macédoine
61%
Tonga
61%
Barbade
60%
Niger
60%
Iran
59%
Libye
59%
Ouzbékistan
59%
Burkina Faso
58%
Mauritanie
58%
Comores
57%
Syrie
57%
Turkménistan
57%
Birmanie
55%
Gabon
54%
Oman
53%
Swaziland
53%
Maldives
52%
Kazakhstan
50%
Yémen
50%
Émirats arabes unis
48%
Venezuela
48%
Jordanie
47%
Philippines
46%
Koweït
45%
Soudan du Sud
44%
Malawi
43%
Seychelles
43%
Antigua-et-Barbuda
42%
Tadjikistan
42%
Rwanda
40%
Tanzanie
40%
Bosnie-Herzégovine
39%
Kiribati
39%
Soudan
39%
Congo
36%
Îles Marshall
35%
Namibie
35%
Brunei
34%
Nauru
33%
Trinité-et-Tobago
33%
Bahamas
32%
Saint-Christophe- et-Niévès
28%
Tchèquie
28%
Cuba
26%
Érythrée
26%
Panama
25%
Chili
24%
Zimbabwe
21%
Corée du Nord
20%
Mozambique
20%
Guyana
19%
Croatie
18%
Djibouti
18%
Liberia
18%
Cambodge
17%
Sao Tomé-et-Principe
17%
Taïwan
17%
Vanuatu
17%
Laos
16%
Serbie
16%
Guinée équatoriale
14%
Haïti
14%
Slovaquie
14%
Belize
13%
Cap-Vert
12%
Liechtenstein
12%
Luxembourg
12%
Paraguay
11%
Samoa
11%
Slovénie
11%
Costa Rica
10%
Thaïlande
10%
Estonie
9%
Honduras
8%
Somalie
7%
Angola
6%
Micronésie
6%
Portugal
6%
Timor-Leste
6%
Biélorussie
5%
Botswana
5%
Burundi
5%
Maroc
5%
Nicaragua
5%
Roumanie
5%
Afghanistan
4%
Bahreïn
4%
Mali
4%
Salvador
4%
Sénégal
4%
Sierra Leone
4%
Bénin
3%
Colombie
3%
Éthiopie
3%
Guinée
3%
Lituanie
3%
Nigeria
3%
Andorre
2%
Arménie
2%
Bolivie
2%
Dominique
2%
Équateur
2%
Ghana
2%
Guinée-Bissau
2%
Lettonie
2%
Moldavie
2%
Monténégro
2%
Qatar
2%
Sri Lanka
2%
Suriname
2%
Tchad
2%
Togo
2%
Ukraine
2%
Fidji
1%
Gambie
1%
Grenade
1%
Guatemala
1%
Île Maurice
1%
Kirghizistan
1%
Lesotho
1%
Mongolie
1%
Ouganda
1%
Saint-Vincent-et-les- Grenadines
1%
Salomon
1%
Tuvalu
1%
Zambie
1%
République Centrafricaine
0%
Sainte-Lucie
0%

Distribution des résultats

Percentile par nombre de réponses

% des personnes avec chaque résultat

Votre développement - résultats

Vous n’avez pas pris ce quiz